Invocation of God (Record no. 15212)

MARC details
000 -LEADER
fixed length control field 00598nam a2200229 a 4500
020 ## - INTERNATIONAL STANDARD BOOK NUMBER
ISBN 0946621
082 00 - DEWEY DECIMAL CLASSIFICATION NUMBER
Classification number 297.4
Author Cutter JAW
100 ## - MAIN ENTRY--AUTHOR NAME
Author name Jawziyya, Ibn Qayyim Al
245 ## - TITLE STATEMENT
Title Invocation of God
Sub title Al Wabilal-Sayyib Min Al-Kalim Al-Tayyib
260 ## - PUBLICATION, DISTRIBUTION, ETC. (IMPRINT)
Place of publication Cambridge
Name of publisher Islamic Texts Society
Year of publication 2000
300 ## - PHYSICAL DESCRIPTION
Number of Pages 182p
500 ## - GENERAL NOTE
General note includes index and biblioraphy
505 2# - FORMATTED CONTENTS NOTE
Formatted contents note Index
650 ## - SUBJECT ADDED ENTRY--TOPICAL TERM
Topical Term Sufism
942 ## - ADDED ENTRY ELEMENTS (KOHA)
Koha item type Books
Holdings
Collection code Home library Current library Date acquired Cost, normal purchase price Full call number Accession Number Koha item type
  Henry Martyn Institute Library Henry Martyn Institute Library 09/12/2007 1068.65 297.4 JAW 020121 Books
                   Copyright © 2026 | Henry Martyn Institute | Hyderabad | TS-500052 | INDIA | Implemented by hmi.edu.in
Hit-Count:

Powered by Koha